Entry Personal Name
Number of records used in: 1
001 - CONTROL NUMBER
003 - CONTROL NUMBER IDENTIFIER
005 - DATE AND TIME OF LATEST TRANSACTION
- control field:
20231009123721.0
008 - FIXED-LENGTH DATA ELEMENTS
- fixed length control field:
231009|| aca||aabn | a|a d
040 ## - CATALOGING SOURCE
- Original cataloging agency:
JRU
- Transcribing agency:
JRU
100 ## - HEADING--PERSONAL NAME
- Personal name:
CHAURASIA, B.D
670 ## - SOURCE DATA FOUND
- Source citation:
Work cat.: (JRU)8363: CHAURASIA, B.D, HUMAN ANATOMY:regional and applied dissection and clinical [HEAD AND NECK] VOL-3